00689cam a22002171 4500001001300000003000400013005001700017008004100034010001700075035002000092040002300112042001200135050002900147110001400176245011800190260004700308300003300355650002500388710004100413999001700454sa 64000938 DLC20260227111959.0900301s1962 ii 000 0 eng  asa 64000938  a(OCoLC)21142265 aDLCcViUdViUdDLC apremarc00aKPL3147.A311951bA4 19621 aPakistan.10aSales tax manual :bcorrected up to 1st July, 1962 /cissued under the authority of the Central Board of Revenue. aKarachi :bManager of Publications,c1962. aiii, 64 p. :bill. ;c24 cm. 0aSales taxzPakistan.1 aPakistan.bCentral Board of Revenue. c56496d56496